Loading...
Fine Arts - Other Fine Arts | 0 | 4 | 0 | 1 | 40 | 77 | 116.50 | 0 | 1 |
Fine Arts - Visual Fine Arts | 0 | 3 | 0 | 1 | 30 | 79 | 104.33 | 0 | 1 |
Religion | 0 | 2 | 0 | 0 | 20 | 91 | 91.00 | 1 | 1 |
History - World History | 0 | 1 | 0 | 0 | 10 | 103 | 103.00 | 0 | 0 |
Literature - European Literature | 0 | 1 | 0 | 0 | 10 | 67 | 67.00 | 0 | 0 |
Mythology | 0 | 1 | 0 | 0 | 10 | 95 | 95.00 | 0 | 0 |
Philosophy | 0 | 1 | 0 | 0 | 10 | 111 | 111.00 | 0 | 0 |
Pop Culture | 0 | 1 | 0 | 0 | 10 | 79 | 79.00 | 0 | 1 |
Social Science | 0 | 1 | 0 | 0 | 10 | 73 | 73.00 | 0 | 1 |
Geography/Current Events | 0 | 1 | 0 | 1 | 10 | 126 | 126.00 | 0 | 0 |
History - European History | 0 | 1 | 0 | 0 | 10 | 101 | 101.00 | 0 | 0 |
Science - Biology | 0 | 1 | 0 | 0 | 10 | 87 | 87.00 | 0 | 0 |
Science - Other Science | 0 | 1 | 0 | 1 | 10 | 132 | 132.00 | 0 | 0 |
History - American History | 0 | 0 | 0 | 0 | 0 | 0.00 | 0 | 0 | |
History - Other History | 0 | 0 | 1 | 0 | -5 | 0.00 | 0 | 0 |